Maailman pääkaupungit lähimpänä Taipeita - Statistics

Yleistilastot
  • Tätä visaa on pelattu 17 kertaa
  • Keskiarvotulos 13 / 20
Vastaustilastot
km pääkaupunki % Oikein
1722 Peking
100%
1667 Hanoi
86%
1160 Manila
86%
2543 Bangkok
79%
3829 Jakarta
79%
3250 Singapore
79%
3237 Kuala Lumpur
71%
1491 Soul
71%
2105 Tokio
71%
2308 Vientiane
71%
3760 Dili
64%
2310 Phnom Penh
64%
3155 Dhaka
57%
3611 Kathmandu
57%
2849 Ulaanbaatar
57%
2348 Bandar Seri Begawan
50%
3188 Thimphu
50%
1601 Pjongjang
43%
2676 Naypyidaw
29%
2395 Ngerulmud
21%
Ehtoja vastaavia visoja ei löytynyt
Tulosjakauma
Jokaisen tuloksen saaneiden osuus
Persentiili vastausten määrän mukaan
Tuloshistoriasi
Et ole pelannut tätä visaa